| 000 | 00801nam a2200181 a 4500 | ||
|---|---|---|---|
| 001 | 000031709 | ||
| 005 | 20200930063124.0 | ||
| 008 | 110630s2007 dr 000 0 spa d | ||
| 040 |
_aDO-SdBNP _bspa _cBNPHU |
||
| 082 |
_axxxx _bE56 |
||
| 111 | 2 |
_aEncuentro Iberoamericano de Educación Superior a Distancia de la AIESAD _n(12vo . : _d2007, jun. 13-15 _cPuerto Plata, República Dominicana) _957975 |
|
| 245 | 1 | 3 |
_aLa calidad de la educación superior a distancia en el ámbito euro-latinoamericano : _bperspectivas políticas y estrategias. |
| 260 |
_aPuerto Plata, República Dominicana : _bAIESAD : _bUAPA, _c[2007?]. |
||
| 300 |
_a[12 p.] ; _c23 cm. |
||
| 710 | 2 |
_aAsociación Iberoamerica de Educación Superior a Distancia _957976 |
|
| 710 | 2 |
_aUniversidad Abierta para Adulto _957977 |
|
| 049 | _aBNPD | ||
| 999 |
_c31201 _d31201 |
||